| 000 | 00401nam a2200145Ia 4500 | ||
|---|---|---|---|
| 008 | 150201s2002 xx 000 0 und d | ||
| 082 |
_a617.6 _bM2002J |
||
| 100 | _aJAISWAL,A.K. | ||
| 245 | _aAIIMS : POST GRADUATE MEDICAL ENTRANCE EXAMINATION | ||
| 250 | _a9TH REVISED | ||
| 260 |
_bKONARK PUBLISHERS .PVT. LTD _aNEW DELHI _c2002 |
||
| 300 | _a1-269 | ||
| 650 | _aGENERAL DENTISTRY | ||
| 942 |
_2ddc _cBK |
||
| 999 |
_c2799 _d2799 |
||